[Event "Olympiad-44"]
[Site "Chennai"]
[Date "2022.08.09"]
[Round "11.4"]
[White "Rabeea, Sabah Nori"]
[Black "Sulaiman, Ahmad Ashrafi"]
[Result "1-0"]
[WhiteElo "2122"]
[BlackElo "1953"]
[PlyCount "97"]
[EventDate "2022.07.29"]
[EventType "team-swiss"]
[EventRounds "11"]
[EventCountry "IND"]
[SourceTitle "CBM 210"]
[Source "ChessBase"]
[SourceDate "2022.10.31"]
[SourceVersion "1"]
[SourceVersionDate "2022.10.31"]
[SourceQuality "1"]
[WhiteTeam "Iraq"]
[BlackTeam "Afghanistan"]
[WhiteTeamCountry "IRQ"]
[BlackTeamCountry "AFG"]

1. d4 d5 2. Nf3 Nf6 3. c4 c6 4. Nc3 e6 5. e3 Nbd7 6. Bd3 dxc4 7. Bxc4 b5 8. Bd3 a6 9. 0-0 c5 10. b3 Bb7 11. Bb2 Be7 12. Qe2 0-0 13. Rfd1 Qb6 14. Rac1 Rfd8 15. Bb1 Nf8 16. a3 Rac8 17. dxc5 Bxc5 18. b4 Be7 19. Nd4 Ng6 20. Ba2 Rd7 21. Nb1 Rxc1 22. Rxc1 Ne4 23. f3 Nf6 24. Nd2 Rc7 25. N2b3 Rxc1+ 26. Bxc1 Bd5 27. Qc2 Bc4 28. Na5 Bxa2 29. Qxa2 Nd5 30. Qc2 Qc7 31. Qxc7 Nxc7 32. Ndc6 Kf8 33. e4 Bd6 34. Bb2 f6 35. Nb7 Be7 36. Bd4 Ke8 37. Nb8 Ne5 38. Bxe5 fxe5 39. Nc6 Bg5 40. Nxe5 Bc1 41. Nd3 Bxa3 42. Kf2 Kd7 43. Ke3 Kc6 44. Na5+ Kb6 45. Nb3 Kc6 46. Nd4+ Kd6 47. Nc2 Bxb4 48. Ncxb4 a5 49. e5+ 1-0

[Event "IRQ-ch"]
[Site "Baghdad"]
[Date "2021.11.03"]
[Round "9"]
[White "Mohammed, Zozek Salah Mohamme"]
[Black "Rabeea, Sabah Nori"]
[Result "1/2-1/2"]
[WhiteElo "2247"]
[BlackElo "2059"]
[PlyCount "79"]
[EventDate "2021.10.28"]
[EventType "tourn"]
[EventRounds "9"]
[EventCountry "IRQ"]
[SourceTitle "EXT 2023"]
[Source "ChessBase"]
[SourceDate "2022.10.05"]
[SourceVersion "1"]
[SourceVersionDate "2022.10.05"]
[SourceQuality "1"]

1. d4 d5 2. c4 e6 3. Nf3 Nf6 4. e3 b6 5. cxd5 Nxd5 6. e4 Nf6 7. Nc3 Be7 8. Bd3 0-0 9. 0-0 Bb7 10. Qe2 c5 11. dxc5 bxc5 12. Rd1 Qb6 13. Bg5 h6 14. Bh4 Nc6 15. e5 Nd5 16. Qe4 g6 17. Qg4 Kg7 18. Ne4 Bxh4 19. Qxh4 Nd4 20. Nxd4 cxd4 21. Nd6 Rab8 22. Rab1 Ba8 23. a3 f6 24. Qg3 f5 25. h4 Rfd8 26. Rdc1 Rd7 27. Rc2 Qb3 28. Rbc1 Ne3 29. Bc4 Nxc4 30. Qxb3 Rxb3 31. Rxc4 d3 32. Rd4 Re7 33. Rc8 Bd5 34. Ne8+ Kf7 35. Nd6+ Kg7 36. Ne8+ Kf7 37. Nd6+ Kg7 38. Ne8+ Kf7 39. Nd6+ Kg7 40. Ne8+ 1/2-1/2

[Event "Online Olym Div2 B"]
[Site "Chess.com INT"]
[Date "2021.09.02"]
[Round "1.1"]
[White "Rabeea, Sabah Nori"]
[Black "Stijve, Theo"]
[Result "0-1"]
[WhiteElo "2022"]
[BlackElo "2291"]
[PlyCount "56"]
[EventDate "2021.09.02"]
[EventType "team (rapid)"]
[EventRounds "9"]
[EventCountry "USA"]
[SourceTitle "CBM 204 Extra"]
[Source "ChessBase"]
[SourceDate "2021.11.30"]
[SourceVersion "1"]
[SourceVersionDate "2021.11.30"]
[SourceQuality "1"]
[WhiteTeam "Iraq"]
[BlackTeam "Switzerland"]
[WhiteTeamCountry "IRQ"]
[BlackTeamCountry "SUI"]

1. d4 Nf6 2. Nf3 d5 3. c4 e6 4. e3 Be7 5. Bd3 0-0 6. Nbd2 dxc4 7. Nxc4 a6 8. 0-0 c5 9. b3 b5 10. Nce5 Bb7 11. Bb2 Nbd7 12. Nxd7 Nxd7 13. Rc1 cxd4 14. Bxd4 Bf6 15. Bxf6 Nxf6 16. Qe2 Nd5 17. Rfd1 Qf6 18. Be4 Nc3 19. Rxc3 Bxe4 20. Rdc1 Rad8 21. Nd4 e5 22. Nf3 h6 23. h3 Rd6 24. Rc5 Re8 25. Rc8 Red8 26. Rxd8+ Rxd8 27. Rc5 Qd6 28. b4 f6 0-1

[Event "Online Olym Div3 B"]
[Site "Chess.com INT"]
[Date "2021.08.27"]
[Round "1.2"]
[White "Mcligeyo, Robert Oluka"]
[Black "Rabeea, Sabah Nori"]
[Result "0-1"]
[WhiteElo "1688"]
[BlackElo "2009"]
[PlyCount "48"]
[EventDate "2021.08.27"]
[EventType "team-tourn (rapid)"]
[EventRounds "9"]
[EventCountry "USA"]
[SourceTitle "CBM 204 Extra"]
[Source "ChessBase"]
[SourceDate "2021.11.30"]
[SourceVersion "1"]
[SourceVersionDate "2021.11.30"]
[SourceQuality "1"]
[WhiteTeam "Kenya"]
[BlackTeam "Iraq"]
[WhiteTeamCountry "KEN"]
[BlackTeamCountry "IRQ"]

1. c4 e6 2. Nf3 d5 3. d4 Nf6 4. Nc3 c6 5. Bg5 Nbd7 6. e3 Qa5 7. Bxf6 Nxf6 8. Bd3 Bb4 9. Qc2 0-0 10. 0-0 dxc4 11. Bxc4 Qh5 12. Bd3 Bd6 13. e4 e5 14. d5 cxd5 15. exd5 Bg4 16. Ne4 Nxe4 17. Bxe4 f5 18. h3 Bxh3 19. gxh3 fxe4 20. Qxe4 Rxf3 21. Qg4 Rxh3 22. Qe6+ Kh8 23. Qxd6 Rh1+ 24. Kg2 Qh3# 0-1

[Event "World ol U16"]
[Site "Ahmedabad"]
[Date "2017.12.16"]
[Round "6.2"]
[White "Van der Westhuizen, Donald"]
[Black "Rabeea, Sabah Nori"]
[Result "0-1"]
[WhiteElo "1704"]
[BlackElo "2039"]
[PlyCount "76"]
[EventDate "2017.12.11"]
[EventType "team-swiss"]
[EventRounds "9"]
[EventCountry "IND"]
[SourceTitle "CBM 182 Extra"]
[Source "ChessBase"]
[SourceDate "2018.02.23"]
[SourceVersion "1"]
[SourceVersionDate "2018.02.23"]
[SourceQuality "1"]
[WhiteTeam "South Africa II"]
[BlackTeam "Iraq"]
[WhiteTeamCountry "RSA"]
[BlackTeamCountry "IRQ"]

1. d4 d5 2. c4 c6 3. Nc3 Nf6 4. Nf3 e6 5. Bg5 Nbd7 6. e3 Qa5 7. Qc2 Ne4 8. Bf4 Bb4 9. Rc1 Qxa2 10. Bd3 Bxc3+ 11. bxc3 Qxc2 12. Rxc2 Nef6 13. c5 b6 14. cxb6 axb6 15. Kd2 0-0 16. Rb1 Ba6 17. Ne5 Nxe5 18. Bxe5 Bxd3 19. Kxd3 Nd7 20. Bc7 b5 21. Bd6 Rfc8 22. Rbb2 Ra4 23. Ra2 Rca8 24. Rxa4 Rxa4 25. Rb2 Nb6 26. Bc5 Nc4 27. Rc2 f6 28. Ke2 Kf7 29. Kd1 Ra1+ 30. Rc1 Nb2+ 31. Kc2 Rxc1+ 32. Kxc1 Nd3+ 33. Kc2 Nxf2 34. Bd6 Ne4 35. Bc7 Ke7 36. Kb3 Kd7 37. Ba5 Nd2+ 38. Kc2 Nc4 0-1

[Event "IRQ Clubs-chT"]
[Site "Baghdad"]
[Date "2017.08.16"]
[Round "6.2"]
[White "Nameer, Noor Al Deen"]
[Black "Rabeea, Sabah Nori"]
[Result "1-0"]
[WhiteElo "2152"]
[BlackElo "1941"]
[PlyCount "26"]
[EventDate "2017.08.16"]
[EventType "team-swiss"]
[EventRounds "7"]
[EventCountry "IRQ"]
[SourceTitle "CBM 180 Extra"]
[Source "ChessBase"]
[SourceDate "2017.10.06"]
[SourceVersion "1"]
[SourceVersionDate "2017.10.06"]
[SourceQuality "1"]
[WhiteTeam "Peshmarga"]
[BlackTeam "Al Qadissiya"]
[WhiteTeamCountry "IRQ"]
[BlackTeamCountry "IRQ"]

1. c4 e6 2. Nc3 d5 3. d4 Nf6 4. Nf3 Nbd7 5. g3 c6 6. Bg2 Bd6 7. 0-0 0-0 8. e4 dxe4 9. Ng5 e5 10. Ngxe4 Nxe4 11. Nxe4 Bc7 12. d5 cxd5 13. cxd5 h6 1-0

[Event "IRQ-ch"]
[Site "Baghdad"]
[Date "2017.08.12"]
[Round "5"]
[White "Taleb, Salem Hatam"]
[Black "Rabeea, Sabah Nori"]
[Result "0-1"]
[WhiteElo "2058"]
[BlackElo "1941"]
[PlyCount "88"]
[EventDate "2017.08.10"]
[EventType "swiss"]
[EventRounds "11"]
[EventCountry "IRQ"]
[SourceTitle "CBM 180 Extra"]
[Source "ChessBase"]
[SourceDate "2017.10.06"]
[SourceVersion "1"]
[SourceVersionDate "2017.10.06"]
[SourceQuality "1"]

1. c4 e5 2. Nc3 Nf6 3. Nf3 Nc6 4. d4 exd4 5. Nxd4 Bc5 6. e3 0-0 7. Be2 Ne5 8. 0-0 a6 9. e4 d6 10. Nf3 h6 11. Bf4 Ng6 12. Bg3 Re8 13. e5 Nh5 14. exd6 Nxg3 15. hxg3 Qxd6 16. Qxd6 Bxd6 17. Nd4 Be5 18. Nd5 c6 19. Nb6 Bxd4 20. Nxa8 Rxe2 21. Rad1 c5 22. b4 Be6 23. Nb6 Ne5 24. bxc5 Bxc5 25. Na4 Ba7 26. c5 Rxa2 27. Nb6 Bxb6 28. cxb6 Rb2 29. f4 Ng4 30. f5 Bc4 31. Rf4 Ne3 32. Rd8+ Kh7 33. Re4 Rxg2+ 34. Kh1 Rxg3 35. Kh2 Nf1+ 36. Kh1 Bb5 37. Rc8 Rb3 38. Rf4 Rb2 39. Kg1 Ng3 40. Rf2 Rb1+ 41. Kh2 Nxf5 42. Rc7 Nd6 43. Rf4 Bc6 44. Rd4 Rh1+ 0-1

[Event "Asia-chT Cup U14"]
[Site "Jiaxing"]
[Date "2016.11.08"]
[Round "4.4"]
[White "Rabeea, Sabah Nori"]
[Black "Peng, Shunkai"]
[Result "1/2-1/2"]
[WhiteElo "1915"]
[BlackElo "2058"]
[PlyCount "160"]
[EventDate "2016.11.06"]
[EventType "swiss"]
[EventRounds "9"]
[EventCountry "CHN"]
[SourceTitle "EXT 2021"]
[Source "ChessBase"]
[SourceDate "2020.10.23"]
[SourceVersion "1"]
[SourceVersionDate "2020.10.23"]
[SourceQuality "1"]

1. d4 Nf6 2. Nf3 g6 3. Bf4 Bg7 4. e3 0-0 5. Be2 d6 6. h3 Nbd7 7. 0-0 c6 8. c4 Re8 9. Bh2 Qb6 10. Qc2 e5 11. dxe5 Nxe5 12. Nxe5 dxe5 13. e4 Nd7 14. Nc3 Nc5 15. Rad1 Ne6 16. Rfe1 Nd4 17. Qc1 f6 18. Bf1 Bf8 19. Kh1 Be6 20. Ne2 Bc5 21. f4 Nxe2 22. Rxe2 Bd4 23. fxe5 fxe5 24. b3 Rf8 25. Qg5 Qd8 26. Qh6 Qf6 27. Ree1 Rf7 28. Be2 Raf8 29. Bg3 b6 30. Kh2 Qe7 31. Rf1 Rxf1 32. Rxf1 Rxf1 33. Bxf1 Qf6 34. Be2 a5 35. Bh4 Qf7 36. Qg5 Kg7 37. Qe7 Qxe7 38. Bxe7 Kf7 39. Bg5 Ke8 40. Kg3 Kd7 41. Bd2 Ke7 42. Bg5+ Kf7 43. Bh6 Bc3 44. Be3 c5 45. Bg5 a4 46. Bd8 axb3 47. axb3 Ba5 48. Kf2 Bc8 49. Ke3 Be6 50. g4 h6 51. Bf1 g5 52. Kd3 Bd7 53. Be2 Bc8 54. Ke3 Bd7 55. Kf3 Bc6 56. Bd3 Bd7 57. Kg2 Bc8 58. Be2 Bd7 59. Bf3 Bc8 60. h4 Kg6 61. hxg5 hxg5 62. Bd1 Bd7 63. Kf3 Bc6 64. Ke3 Bd7 65. Kd3 Bc6 66. Bf3 Bb4 67. Bxb6 Bd7 68. Bc7 Kf6 69. Bd6 Ke6 70. Bc7 Kf6 71. Bd8+ Kg6 72. Be7 Bc6 73. Bd6 Kf6 74. Bf8 Kf7 75. Bd6 Ke6 76. Bc7 Kf6 77. Bd1 Bd7 78. Bf3 Bc6 79. Bd1 Bd7 80. Bf3 Bc8 1/2-1/2

[Event "Asia-chT Cup U14"]
[Site "Jiaxing"]
[Date "2016.11.07"]
[Round "2.4"]
[White "Rabeea, Sabah Nori"]
[Black "Gu, Jiazhen"]
[Result "0-1"]
[WhiteElo "1915"]
[BlackElo "1856"]
[PlyCount "96"]
[EventDate "2016.11.06"]
[EventType "swiss"]
[EventRounds "9"]
[EventCountry "CHN"]
[SourceTitle "EXT 2021"]
[Source "ChessBase"]
[SourceDate "2020.10.23"]
[SourceVersion "1"]
[SourceVersionDate "2020.10.23"]
[SourceQuality "1"]

1. e4 e6 2. d4 d5 3. e5 c5 4. c3 Nc6 5. Nf3 Qb6 6. Be2 Nh6 7. Na3 cxd4 8. cxd4 Bb4+ 9. Bd2 Nf5 10. Bc3 Nfxd4 11. Nxd4 Nxd4 12. Qa4+ Nc6 13. Bxb4 Qxb4+ 14. Qxb4 Nxb4 15. 0-0 a6 16. Rfc1 Bd7 17. Nc2 Nc6 18. f4 Ke7 19. Bd3 Rac8 20. a3 h6 21. h3 Na7 22. Nd4 Nc6 23. Nb3 Rb8 24. Nc5 Nd4 25. Rab1 Bb5 26. Kh2 Bxd3 27. Nxd3 Rhc8 28. b4 b6 29. Rxc8 Rxc8 30. Rc1 Rxc1 31. Nxc1 Nc2 32. Ne2 Nxa3 33. Nd4 Kd7 34. b5 Nxb5 35. Nc2 a5 36. Kg1 a4 37. Kf2 a3 38. Ke3 Kc6 39. Na1 Kc5 40. Kd3 Nd4 41. Kc3 Ne2+ 42. Kb3 Nxf4 43. Kxa3 Nxg2 44. Nb3+ Kc4 45. Kb2 Nf4 46. h4 Nd3+ 47. Kc2 Nxe5 48. h5 Ng4 0-1

[Event "Arab-ch U16"]
[Site "Djerba"]
[Date "2016.07.25"]
[Round "4.1"]
[White "Rabeea, Sabah Nori"]
[Black "Djabri, Massinas"]
[Result "0-1"]
[WhiteElo "1882"]
[BlackElo "1841"]
[PlyCount "76"]
[EventDate "2016.07.23"]
[EventType "swiss"]
[EventRounds "9"]
[EventCountry "TUN"]
[SourceTitle "EXT 2024"]
[Source "ChessBase"]
[SourceDate "2023.10.10"]
[SourceVersion "1"]
[SourceVersionDate "2023.10.10"]
[SourceQuality "1"]

1. d4 Nf6 2. c4 g6 3. Nc3 Bg7 4. g3 0-0 5. Bg2 d6 6. Nf3 Nbd7 7. 0-0 e5 8. dxe5 dxe5 9. e4 c6 10. Be3 Qc7 11. Qc2 Ng4 12. Bd2 Nc5 13. h3 Nf6 14. Be3 Ne6 15. Rad1 Nh5 16. Rd2 f5 17. exf5 gxf5 18. Ng5 h6 19. Nxe6 Bxe6 20. Bc5 Rfd8 21. Rfd1 Rxd2 22. Qxd2 Qf7 23. Bf3 Nf6 24. b3 Nd7 25. Ba3 e4 26. Bg2 Ne5 27. Ne2 Nd3 28. Nf4 Nxf4 29. Qxf4 a5 30. Qh4 Kh7 31. Rd8 a4 32. Rd2 axb3 33. axb3 Rxa3 34. g4 Ra1+ 35. Bf1 fxg4 36. hxg4 Qf4 37. Re2 Qxg4+ 38. Qxg4 Bxg4 0-1

[Event "Asian Schools-ch U15 12th Blitz"]
[Site "Tehran"]
[Date "2016.07.16"]
[Round "3.1"]
[White "Rabeea, Sabah Nori"]
[Black "Fendereski, Nima"]
[Result "0-1"]
[WhiteElo "1896"]
[BlackElo "2277"]
[PlyCount "44"]
[EventDate "2016.07.16"]
[EventType "swiss"]
[EventRounds "9"]
[EventCountry "IRI"]
[SourceTitle "EXT 2024"]
[Source "ChessBase"]
[SourceDate "2023.10.10"]
[SourceVersion "1"]
[SourceVersionDate "2023.10.10"]
[SourceQuality "1"]

1. d4 Nf6 2. Nf3 e6 3. c4 b6 4. e3 Bb7 5. Nc3 g6 6. Bd3 Bg7 7. 0-0 0-0 8. e4 d6 9. Bg5 Nbd7 10. e5 dxe5 11. Nxe5 h6 12. Bf4 Nh5 13. Nxd7 Qxd7 14. Be3 Rad8 15. Ne2 c5 16. Nf4 Nxf4 17. Bxf4 Qxd4 18. Bxg6 Qxf4 19. Qe2 fxg6 20. Qxe6+ Kh7 21. Rad1 Rxd1 22. Rxd1 Qxf2+ 0-1

[Event "IRQ-ch"]
[Site "Baghdad"]
[Date "2015.09.21"]
[Round "10"]
[White "Rabeea, Sabah Nori"]
[Black "Ahmed, Ali Layth Ahmed"]
[Result "1/2-1/2"]
[WhiteElo "2081"]
[BlackElo "2279"]
[PlyCount "147"]
[EventDate "2015.09.14"]
[EventType "tourn"]
[EventRounds "11"]
[EventCountry "IRQ"]
[SourceTitle "EXT 2016"]
[Source "ChessBase"]
[SourceDate "2015.10.08"]
[SourceVersion "1"]
[SourceVersionDate "2015.10.08"]
[SourceQuality "1"]

1. d4 e6 2. c4 Nf6 3. Nf3 Bb4+ 4. Bd2 a5 5. a3 Bxd2+ 6. Nbxd2 d6 7. e3 0-0 8. Bd3 Qe7 9. 0-0 e5 10. dxe5 dxe5 11. Qc2 Bg4 12. Bf5 Bxf3 13. Nxf3 Nc6 14. Ng5 g6 15. Bd3 Nd7 16. Ne4 Nd8 17. Rfd1 Ne6 18. Nc3 c6 19. Be2 Ndc5 20. b4 Na6 21. Rab1 axb4 22. axb4 Rfd8 23. b5 Nac5 24. bxc6 bxc6 25. Bf3 Qc7 26. Ne4 Kg7 27. Qb2 Nxe4 28. Bxe4 Nc5 29. Bf3 Kg8 30. Rxd8+ Rxd8 31. Qb6 Qxb6 32. Rxb6 e4 33. Be2 Rd2 34. Rxc6 Nb3 35. Bf1 Rd1 36. g3 Nd2 37. Kg2 Nxf1 38. c5 Kf8 39. Rc8+ Ke7 40. c6 Nd2 41. c7 Kd7 42. Rf8 Kxc7 43. Rxf7+ Kd6 44. Rxh7 Nf3 45. Rh6 Rg1+ 46. Kh3 Ne5 47. Rh4 Kd5 48. Rf4 g5 49. Rf5 g4+ 50. Kh4 Rh1 51. Kg5 Rxh2 52. Kf6 Rh6+ 53. Kg5 Re6 54. Kf4 Re7 55. Rh5 Rf7+ 56. Rf5 Rxf5+ 57. Kxf5 Nd3 58. Kxg4 Nxf2+ 59. Kf5 Nd3 60. g4 Nc5 61. g5 Ne6 62. g6 Ng7+ 63. Kf6 Nh5+ 64. Kg5 Ng7 65. Kf6 Nh5+ 66. Kg5 Ng7 67. Kf6 Ne6 68. Kf5 Ng7+ 69. Kf6 Ne8+ 70. Kf5 Ng7+ 71. Kf6 Ne6 72. Kf5 Ng7+ 73. Kf6 Nh5+ 74. Kg5 1/2-1/2

[Event "IRQ-ch"]
[Site "Baghdad"]
[Date "2015.09.18"]
[Round "6"]
[White "Rabeea, Sabah Nori"]
[Black "Mohammed, Zozek Salah Mohamme"]
[Result "0-1"]
[WhiteElo "2081"]
[BlackElo "2225"]
[PlyCount "58"]
[EventDate "2015.09.14"]
[EventType "tourn"]
[EventRounds "11"]
[EventCountry "IRQ"]
[SourceTitle "EXT 2016"]
[Source "ChessBase"]
[SourceDate "2015.10.08"]
[SourceVersion "1"]
[SourceVersionDate "2015.10.08"]
[SourceQuality "1"]

1. d4 d5 2. c4 e6 3. Nf3 Be7 4. e3 Nf6 5. Nbd2 0-0 6. Bd3 b6 7. 0-0 Bb7 8. Re1 Ne4 9. Qc2 f5 10. Ne5 Nd7 11. Nxd7 Qxd7 12. f3 Nf6 13. b3 c5 14. Bb2 Rac8 15. e4 dxe4 16. fxe4 cxd4 17. exf5 e5 18. Rxe5 Ng4 19. Re6 Ne3 20. f6 Bxf6 21. Bxh7+ Kh8 22. Qg6 Qxe6 23. Qh5 Qg4 24. Qxg4 Nxg4 25. Bf5 Ne3 26. Bxc8 Rxc8 27. Nf3 Bxf3 28. gxf3 b5 29. Rc1 bxc4 0-1

[Event "IRQ-ch"]
[Site "Baghdad"]
[Date "2015.09.16"]
[Round "3"]
[White "Ismael Namir, Mohammed Ismael"]
[Black "Rabeea, Sabah Nori"]
[Result "1-0"]
[WhiteElo "2239"]
[BlackElo "2081"]
[PlyCount "76"]
[EventDate "2015.09.14"]
[EventType "tourn"]
[EventRounds "11"]
[EventCountry "IRQ"]
[SourceTitle "EXT 2016"]
[Source "ChessBase"]
[SourceDate "2015.10.08"]
[SourceVersion "1"]
[SourceVersionDate "2015.10.08"]
[SourceQuality "1"]

1. d4 d5 2. c4 e5 3. cxd5 Qxd5 4. Nf3 e4 5. Nc3 Bb4 6. Qa4+ Nc6 7. Qxb4 Nxb4 8. Nxd5 Nxd5 9. Ne5 f6 10. Nc4 Nge7 11. Bd2 0-0 12. e3 Ng6 13. h4 h6 14. Be2 Be6 15. Rc1 Nh8 16. f3 exf3 17. gxf3 Rf7 18. e4 Nb6 19. d5 Nxd5 20. exd5 Bxd5 21. b3 Re8 22. Kf2 Ng6 23. Rhg1 Kh7 24. Bd3 f5 25. h5 Nf8 26. Rce1 Bxc4 27. Bxc4 Rxe1 28. Rxe1 Rd7 29. Bb4 Rd8 30. Bxf8 Rxf8 31. Re7 Rd8 32. Bf7 f4 33. Bg6+ Kg8 34. Rxc7 Rb8 35. Rf7 a5 36. Rxf4 b5 37. Rf5 Rb6 38. Re5 Rb8 1-0